US States that Contain the Letter M - Statistics

General Stats
  • This quiz has been taken 206 times
    204 since last reset
  • The average score is 13 of 14
Answers on the Map
Answers color-coded by a green-red scale on the quiz's map according to % correct below.
 
Answer Stats
Answer % Correct
Massachusetts
99%
Maine
98%
Michigan
98%
Minnesota
98%
Alabama
96%
Maryland
96%
Mississippi
96%
Montana
96%
Missouri
94%
New Mexico
94%
Vermont
92%
Wyoming
91%
New Hampshire
88%
Oklahoma
87%
No matching quizzes found
Score Distribution
Percent of People with Each Score
Percentile by Number Answered
Your Score History
You have not taken this quiz since the last reset